000 00834nam a2200241 a 4500
001 1340
003 BR-CuiBMT
005 20231205224137.0
008 231205s2001 dfb 000 0 por d
040 _aBR-CuiBMT
_cBR-CuiBMT
080 _22007
_a342.4
_x(81)"1891"
090 _a342.4(81)"1891"
_bB183c
100 1 0 _aBaleeiro, Aliomar.
245 1 0 _aConstituições brasileiras :
_b1891 /
_cAliomar Baleeiro.
260 _aBrasília :
_bCEE/MCT,
_c2001.
300 _a121 p. :
_bil. ;
_c23 cm
490 1 _aColeção Constituições brasileiras ;
_vv. 2
650 _aConstituição brasileira
_xComentários
_zBrasil
650 _aBrasil
_xConstituição
_vHistória
710 _aSenado Federal.
_bMinistério da Ciência e Tecnologia.
_bCentro de Estudos Estratégicos.
830 _aConstituições brasileiras
_v2
942 _2udc
_cLV
999 _c1340
_d1340